00217nam a2200085Ia 450000100070000000500170000700800410002424500470006526000190011264277720250826153533.0250824s9999 xx 000 0 und d 0aFerdinand Macellan Kimdi? cSydelle Kramer bBEYAZ BAL̇NA